|
|
|
|
| LEADER |
00000nam2a2200000 4500 |
| 001 |
231861 |
| 005 |
20231101231124.0 |
| 035 |
|
|
|a (RuTPU)RU\TPU\book\252890
|
| 035 |
|
|
|a RU\TPU\book\252887
|
| 090 |
|
|
|a 231861
|
| 100 |
|
|
|a 20130206d1956 k y0rusy50 ca
|
| 101 |
0 |
|
|a rus
|
| 102 |
|
|
|a RU
|
| 105 |
|
|
|a a z 001zy
|
| 200 |
0 |
|
|a Вып. 4
|f под ред. Е. А. Перепечиной
|
| 210 |
|
|
|d 1956
|
| 215 |
|
|
|a 191 с.
|c ил.
|
| 317 |
|
|
|5 63413507: КР-959
|a Поступила в НТБ в 2004 г. в составе книжного собрания профессора ТПИ К. В. Радугина.
|
| 320 |
|
|
|a Библиография в конце статей
|
| 461 |
|
1 |
|0 (RuTPU)RU\TPU\book\254820
|t Труды лаборатории геологии угля
|f Академия наук СССР (АН СССР), Лаборатория геологии угля
|v Вып. 4
|d 1953
|
| 606 |
1 |
|
|a Уголь
|x Петрография
|2 stltpush
|3 (RuTPU)RU\TPU\subj\62469
|9 79544
|
| 606 |
1 |
|
|a Угольные месторождения
|x Геология
|2 stltpush
|3 (RuTPU)RU\TPU\subj\62689
|
| 610 |
1 |
|
|a Карагандинский бассейн
|
| 610 |
1 |
|
|a свиты
|
| 610 |
1 |
|
|a осадконакопление
|
| 610 |
1 |
|
|a состав
|
| 610 |
1 |
|
|a условия
|
| 610 |
1 |
|
|a угольные пласты
|
| 610 |
1 |
|
|a образование
|
| 610 |
1 |
|
|a библиотека К. В. Радугина
|
| 675 |
|
|
|a 552.57
|v 3
|
| 675 |
|
|
|a 553.94
|v 3
|
| 702 |
|
1 |
|a Перепечина
|b Е. А.
|4 340
|
| 801 |
|
1 |
|a RU
|b 63413507
|c 20130206
|
| 801 |
|
2 |
|a RU
|b 63413507
|c 20130806
|g RCR
|
| 942 |
|
|
|c BK
|